000 00501nam a2200181Ia 4500
008 100917s9999 xx 000 0 und d
082 _b8732
100 _aकर्णिक मधुमंगेश
245 _aमाहिमची खाडी
260 _b---
300 _a144
365 _b8.5
520 _aकादंबरी
630 _aमाहिमची खाडी
650 _aकादंबरी
730 _aमाहिमची खाडी
942 _cBOOK
999 _c614126
_d614123